| 000 | 01285cab a2200361 4500 | ||
|---|---|---|---|
| 001 | ABS59046 | ||
| 008 | 090401t1998 xxu||||| |||| 00| 0 eng d | ||
| 035 | _a(Sirsi) u87633 | ||
| 041 | _aeng | ||
| 245 | _aTalking rubbish | ||
| 260 | _c1998 | ||
| 350 | _a0 | ||
| 490 |
_aCSM _bChartered Surveyor Monthly _vJuly/August 1998, 31-34(4) |
||
| 520 | _aSeries of articles looking at topical waste management issues. Considers surveyors who are employed in waste management and the government`s new waste strategy. Discusses the progress of an EU landfill directive, the government review of landfill tax and, the strict regulations governing personnel involved in waste management operations. | ||
| 650 | _aAPPRAISAL AND VALUATION MANUAL | ||
| 650 | _aENVIRONMENTAL PROTECTION ACT 1990 | ||
| 650 | _aENVIRONMENTAL SERVICES ASSOCIATION | ||
| 650 | _aENVIRONMENTALLY SUSTAINABLE | ||
| 650 | _aEU DIRECTIVE | ||
| 650 | _aGOVERNMENT | ||
| 650 | _aLANDFILL TAX | ||
| 650 | _aLANDFILL VOIDSPACE | ||
| 650 | _aLICENSING | ||
| 650 | _aPERSONNEL | ||
| 650 | _aPPG | ||
| 650 | _aSURVEYORS | ||
| 650 |
_aValuation _96273 |
||
| 650 | _aWASTE MANAGEMENT | ||
| 650 | _aWASTE STRATEGY | ||
| 690 | _aENVIRONMENTAL AND LAND CONSULTANCY | ||
| 942 | _n0 | ||
| 948 | _c24/07/1998 | ||
| 999 |
_c55286 _d55286 |
||